Ipswich town football club goal scorers 2016/17 - Statistics

General Stats
  • This quiz has been taken 3 times
  • The average score is 3 of 12
Answer Stats
Hint Answer % Correct
7 freddie sears
67%
6 grant ward
67%
4 brett pitman
33%
5 david mcgoldrick
33%
4 luke chambers
33%
11 tom lawrence
33%
1 adam webster
0%
2 christophe berra
0%
3 emyr huws
0%
2 jonas knudsen
0%
1 kevin bru
0%
3 luke varney
0%
No matching quizzes found
Score Distribution
Percent of People with Each Score
Percentile by Number Answered
Your Score History
You have not taken this quiz